Medaleg ʻal he-harim / (Record no. 32117)
[ view plain ]
| 000 -LEADER | |
|---|---|
| fixed length control field | 00737cam a22002411 4500 |
| 001 - CONTROL NUMBER | |
| control field | he 67000222 |
| 003 - CONTROL NUMBER IDENTIFIER | |
| control field | DLC |
| 005 - DATE AND TIME OF LATEST TRANSACTION | |
| control field | 20260227111443.0 |
| 008 - FIXED-LENGTH DATA ELEMENTS--GENERAL INFORMATION | |
| fixed length control field | 830428s1964 is 000 0 heb |
| 010 ## - LIBRARY OF CONGRESS CONTROL NUMBER | |
| LC control number | he 67000222 |
| 035 ## - SYSTEM CONTROL NUMBER | |
| System control number | (OCoLC)19147161 |
| 040 ## - CATALOGING SOURCE | |
| Original cataloging agency | DLC |
| Transcribing agency | MH |
| Modifying agency | DLC |
| 050 00 - LIBRARY OF CONGRESS CALL NUMBER | |
| Classification number | PG7158.A7 |
| Item number | I316 |
| 100 1# - MAIN ENTRY--PERSONAL NAME | |
| Personal name | Andrzejewski, Jerzy, |
| Dates associated with a name | 1909-1983. |
| 240 10 - UNIFORM TITLE | |
| Uniform title | Idzie skacząc po górach. |
| Language of a work | Hebrew |
| 245 10 - TITLE STATEMENT | |
| Title | Medaleg ʻal he-harim / |
| Statement of responsibility, etc. | Y. Andzheyevsḳi ; ʻIvrit Binyamin Ṭene. |
| 260 ## - PUBLICATION, DISTRIBUTION, ETC. | |
| Place of publication, distribution, etc. | Merḥavyah : |
| Name of publisher, distributor, etc. | Sifriyat poʻalim, |
| Date of publication, distribution, etc. | [1964] |
| 300 ## - PHYSICAL DESCRIPTION | |
| Extent | 196 p. ; |
| Dimensions | 22 cm. |
| 490 0# - SERIES STATEMENT | |
| Series statement | Dukhifat |
| 500 ## - GENERAL NOTE | |
| General note | Added t.p.: Idzie skacząc po górach. |
| 700 1# - ADDED ENTRY--PERSONAL NAME | |
| Personal name | Tene, Benjamin, |
| Dates associated with a name | 1914-1999. |
| 752 ## - ADDED ENTRY--HIERARCHICAL PLACE NAME | |
| Country or larger entity | Israel |
| City | Merḥavyah |
No items available.